000 00754nam a2200217 a 4500
001 000023036
005 20200930021939.0
008 101124s1973 ve r 000 j spa d
040 _aDO-SdBNP
_bspa
_cBNPHU
082 _aVe863.5
_bD542c
100 1 _aDíaz Rodríguez, Manuel,
_c1868-1927.
_94375
245 1 0 _aConfidencia de psiquis /
_cManuel Díaz Rodríguez ; prólogo Pedro Emilio Coll.
260 _aCaracas, (Venezuela) :
_bMonte Ávila Editores,
_c1973.
300 _a98, [5] p. ;
_c16 cm.
490 1 _aBiblioteca popular el dorado
_v95
650 4 _aCuentos venezolanos
_93815
650 4 _aLiteratura venezolana
_93816
700 1 _aColl, Pedro Emilio
_epról.
_947400
830 0 _aBiblioteca popular el dorado ;
_v95
_913605
049 _aBNGR
999 _c22533
_d22533